Central Library OPAC University of Rajshahi

Stars and stripes in Africa : (Record no. 64946)

MARC details
000 -LEADER
fixed length control field 01014nam a2200241 a 4500
001 - CONTROL NUMBER
control field 64946
003 - CONTROL NUMBER IDENTIFIER
rucl marc code BD-RjUL
005 - DATE AND TIME OF LATEST TRANSACTION
control field 20211209081354.0
008 - FIXED-LENGTH DATA ELEMENTS--GENERAL INFORMATION
fixed length control field 170225s1938 enkcfh b 001 0 eng
035 ## - SYSTEM CONTROL NUMBER
System control number (BD-RjUL)65076
040 ## - CATALOGING SOURCE
Original cataloging agency DLC
Transcribing agency WLacU
Modifying agency BD-RjUL
Language of cataloging eng
041 ## - LANGUAGE CODE
Language code of text/sound track or separate title eng
082 ## - DEWEY DECIMAL CLASSIFICATION NUMBER
Classification number 960
Edition number 23
Author mark and year ROS 1938
100 1# - MAIN ENTRY--PERSONAL NAME
Personal name Rosenthal, Eric.
9 (RLIN) 192568
245 10 - TITLE STATEMENT
Title Stars and stripes in Africa :
Remainder of title being a history of American achievements in Africa by explorers, missionaries, pirates, adventurers, hunters, miners, merchants, scientists, soldiers, showmen, engineers, and others with some account of Africans who have played a part in American affairs,
Statement of responsibility, etc. by Eric Rosenthal. With a foreword to the first edition by Jan Christian Smuts, P.C.
260 ## - PUBLICATION, DISTRIBUTION, ETC. (IMPRINT)
Place of publication, distribution, etc. London :
Name of publisher, distributor, etc. G. Routledge & Sons,
Date of publication, distribution, etc. 1938.
300 ## - PHYSICAL DESCRIPTION
Pagination xiii, 306 p. :
Illustrations ill. ;
Size 26 cm.
504 ## - BIBLIOGRAPHY, ETC. NOTE
Bibliography, etc Includes index and Bibliography
650 #0 - SUBJECT ADDED ENTRY--TOPICAL TERM
Topical term or geographic name as entry element Africa
Geographic subdivision History.
9 (RLIN) 192569
651 #0 - SUBJECT ADDED ENTRY--GEOGRAPHIC NAME
Geographic name Americans
General subdivision Africa.
9 (RLIN) 192570
942 ## - ADDED ENTRY ELEMENTS (KOHA)
Source of classification or shelving scheme Dewey Decimal Classification
Koha item type Books
Holdings
Lost status Source of classification or shelving scheme Damaged status Not for loan Collection code Permanent Location Current Location Shelving location Date acquired Source of acquisition Cost, normal purchase price Total Checkouts Full call number Date last seen Copy number Koha item type
  Dewey Decimal Classification   Not For Loan Non-fiction Central Library, University of Rajshahi Central Library, University of Rajshahi Reading Room 14/11/1966 Dacca a.9 qureshi, 10.05   960 ROS 1938 25/02/2017 C-1 Books